The Man Who Tried To Remember (Record no. 82973)

MARC details
000 -LEADER
fixed length control field 00598nam a22001937a 4500
005 - DATE AND TIME OF LATEST TRANSACTION
control field 20140312151440.0
010 ## - LCCN (DPL NO)
LC control number B-505479
020 ## - INTERNATIONAL STANDARD BOOK NUMBER
International Standard Book Number 9780670086412
Terms of availability 399.00
035 ## - SYSTEM CONTROL NUMBER
System control number B-505479
037 ## - SOURCE OF ACQUISITION
Stock number dpl
Source of stock number/acquisition KKP
082 ## - DEWEY DECIMAL CLASSIFICATION NUMBER
Classification number N
100 ## - MAIN ENTRY--PERSONAL NAME
Personal name Sathe, Makarand
245 ## - TITLE STATEMENT
Title The Man Who Tried To Remember
Statement of responsibility, etc by Makarand Sathe
260 ## - PUBLICATION, DISTRIBUTION, ETC. (IMPRINT)
Place of publication, distribution, etc New Delhi
Name of publisher, distributor, etc Penguin Group
Date of publication, distribution, etc 2012
270 ## - ADDRESS
Address 11 Community Centre, Panchsheel Park
City New Delhi
Postal code 110017
300 ## - PHYSICAL DESCRIPTION
Extent 237p.
Dimensions 19cm(Hb)
942 ## - ADDED ENTRY ELEMENTS (KOHA)
Source of classification or shelving scheme Dewey Decimal Classification
Item type English Books
Classification part N
Call number suffix SAT
Holdings
Withdrawn status Lost status Not for loan Collection code Home library Current library Date acquired Source of acquisition Cost, normal purchase price Full call number Barcode Copy number Cost, replacement price Koha item type
      Fiction Central Library Central Library 12/03/2014 KKP/BL2984/11.03.2013/172/11.03.2013/20.03.2013 399.00 N SAT B-505479 1 399.00 English Books

© Delhi Public Library
Hit Counter
free hit counter